| 000 | 00734cab a2200229 4500 | ||
|---|---|---|---|
| 001 | WB2643-33 | ||
| 008 | 090401t1990 xxu||||| |||| 00| 0 eng d | ||
| 035 | _a(Sirsi) u9336 | ||
| 041 | _aeng | ||
| 245 | _aIrish agent joins international property group | ||
| 260 | _c1990 | ||
| 350 | _a0 | ||
| 490 |
_aIrish Times _v31/10/90 p25 |
||
| 520 | _aThe Irish estate agent Hamilton Osborne King has affiliated with a number of leading Europe an agents including Hillier Parker by joining the International Commercial Property Associates (ICPA). | ||
| 650 | _a1992 | ||
| 650 | _aINTERNATIONAL PROPERTY MARKET | ||
| 650 | _aINVESTMENT | ||
| 650 | _aSINGLE MARKET | ||
| 690 | _aOVERSEAS-EUROPE | ||
| 942 | _n0 | ||
| 948 | _c04/03/1997 | ||
| 999 |
_c5815 _d5815 |
||